| 000 | 00482nam a22001457a 4500 | ||
|---|---|---|---|
| 003 | MACL | ||
| 005 | 20190428161026.0 | ||
| 008 | 190428b xxu||||| |||| 00| 0 eng d | ||
| 040 | _cMACL | ||
| 100 |
_aथपलियाल,मदन _974631 |
||
| 245 | _aनई दिल्ली दिल्ली का आठवां शहर | ||
| 260 |
_aदिल्ली _bराजेश प्रकाशन _c2014 |
||
| 650 |
_aइतिहास _974632 |
||
| 942 |
_2ddc _cHIN |
||
| 999 |
_c59593 _d59593 |
||